000 00451nam a2200169Ia 4500
020 _a085198911X
040 _cAUH
082 0 4 _a338 CAB 1994 A070 Or.
245 0 4 _aThe economics of organic farming :
_ban international perspective /
260 _aOxon :
_bCAB International,
_c1994
300 _axvi, 468 p. :
_bill. ;
_c24 cm
650 0 _aAgriculture
650 0 _aFarm management
700 1 _aLampkin, N. H
700 1 _aPadel, S
942 _cEK
999 _c14774
_d14774